Sports Quiz

Random Sports Quiz

Chelsea FC Squad 2013-14 Quiz Stats

Quiz not verified by Sporcle

Challenge
Share
Tweet
Embed
Score 0/40 Timer 06:00
0 Plays Today
Hint Answer % Correct
Goalkeepercech
100%
Defendercahill
94.6%
Defenderterry
94.6%
Midfielder hazard
94.6%
Defendercole
92.9%
Defenderivanovic
92.9%
Midfielder lampard
91.1%
Forwardeto'o
89.3%
Forwardtorres
89.3%
Defenderluiz
85.7%
Midfielder oscar
85.7%
Forwardba
83.9%
Midfielder mikel
82.1%
Midfielder ramires
78.6%
Midfielder schurrle
78.6%
Goalkeeperschwarzer
73.2%
Defenderazpilicueta
69.6%
Midfielder mata
69.6%
Goalkeeperhilario
67.9%
Midfielder de bruyne
67.9%
Hint Answer % Correct
Midfielder essien
66.1%
Midfielder willian
66.1%
Defenderbertrand
62.5%
Loanlukaku
60.7%
Midfielder van ginkel
48.2%
Goalkeeperblackman
42.9%
Loancourtois
39.3%
Loanmoses
35.7%
Defenderkalas
33.9%
Defenderake
32.1%
Loanpiazon
26.8%
Midfielder chalobah
25%
Loanturnbull
25%
Midfielder marin
23.2%
Midfielder romeu
16.1%
Forwardbamford
16.1%
Midfielder mceachran
14.3%
Loanmalouda
14.3%
Defenderchristensen
10.7%
Defenderferreria
1.8%

You're not logged in!

Compare scores with friends on all Sporcle quizzes.
Join for Free
OR
Log In

You Might Also Like...

Show Comments

Extras

Created Dec 13, 2013ReportNominate
Tags:Chelsea, FC Squad, squad

Top Quizzes Today


Score Distribution

Your Account Isn't Verified!

In order to create a playlist on Sporcle, you need to verify the email address you used during registration. Go to your Sporcle Settings to finish the process.

Report this User

Report this user for behavior that violates our Community Guidelines.

Details: